Countries of Greater Australia on a Map - Statistics

General Stats
  • This quiz has been taken 70 times
    60 since last reset
  • The average score is 13 of 14
Answers on the Map
Answers color-coded by a green-red scale on the quiz's map according to % correct below.
 
Answer Stats
Country % Correct
Australia
98%
Fiji
98%
Papua New Guinea
98%
Indonesia
96%
New Zealand
96%
Solomon Islands
96%
Tuvalu
94%
Nauru
91%
Samoa
91%
Vanuatu
91%
East Timor
89%
Tonga
85%
France (New Caledonia)
77%
United States (American Samoa)
64%
No matching quizzes found
Score Distribution
Percent of People with Each Score
Percentile by Number Answered
Your Score History
You have not taken this quiz since the last reset